000 005650000a22001810004500
041 0 _aENG
082 0 4 _aG 232.954 T4821p
100 1 _aAllen, Charles L. (Livingstone) (1913-)
245 1 0 _aThe touch of the master's hand : Christ's miracles for today / Charles L. Allen
260 _aUSA : Fleming H. Revell
300 _a158 Pag
650 1 4 _aJESUCRISTO - MILAGROS - SERMONES \ IGLESIA METODISTA - SERMONES
001 4085
942 _cBK
999 _c34700
_d34700
336 _atexto
_btxt
_2rdacontent
337 _2rdamedia
_asin mediación
_bn
338 _2rdacarrier
_avolumen
_bnc